[Event "Tema op 7th"]
[Site "Tema"]
[Date "2022.01.08"]
[Round "5"]
[White "Frempong, Smart Daniel"]
[Black "Kporxah, Maxwell Kwasi"]
[Result "1-0"]
[WhiteElo "1552"]
[BlackElo "1385"]
[PlyCount "31"]
[EventDate "2022.01.07"]
[EventType "swiss"]
[EventRounds "7"]
[EventCountry "GHA"]
[SourceTitle "EXT 2023"]
[Source "ChessBase"]
[SourceDate "2022.10.05"]
[SourceVersion "1"]
[SourceVersionDate "2022.10.05"]
[SourceQuality "1"]

1. d4 Nf6 2. Nf3 e6 3. g3 d5 4. Bg2 c5 5. 0-0 Nc6 6. c4 cxd4 7. cxd5 Qxd5 8. Nxd4 Qd7 9. Nxc6 bxc6 10. Qa4 Nd5 11. Rd1 Be7 12. Nc3 Nxc3 13. bxc3 Qc7 14. Qxc6+ Qxc6 15. Bxc6+ Kf8 16. Bxa8 1-0

[Event "Tema op 7th"]
[Site "Tema"]
[Date "2022.01.08"]
[Round "4"]
[White "Koney, Nii Koney Kwaku"]
[Black "Kporxah, Maxwell Kwasi"]
[Result "1-0"]
[WhiteElo "1603"]
[BlackElo "1385"]
[PlyCount "45"]
[EventDate "2022.01.07"]
[EventType "swiss"]
[EventRounds "7"]
[EventCountry "GHA"]
[SourceTitle "EXT 2023"]
[Source "ChessBase"]
[SourceDate "2022.10.05"]
[SourceVersion "1"]
[SourceVersionDate "2022.10.05"]
[SourceQuality "1"]

1. e4 e6 2. Nf3 d5 3. exd5 exd5 4. d4 Nf6 5. h3 h6 6. Bd3 Bd6 7. 0-0 0-0 8. c4 dxc4 9. Bxc4 Nc6 10. a3 Bf5 11. b4 Qd7 12. Re1 Rfe8 13. Be3 Ne7 14. Nbd2 Ng6 15. Rc1 Bxh3 16. gxh3 Qxh3 17. Bf1 Qg4+ 18. Bg2 Nh4 19. Nxh4 Qxh4 20. Qf3 Rab8 21. Nf1 Ng4 22. Bf4 Bxf4 23. Qxf4 1-0